El Nuevo imaginario anticapitalista /
Gardado en:
| Autor Principal: | |
|---|---|
| Formato: | Texto |
| Materias: | |
| Etiquetas: |
Engadir etiqueta
Sen Etiquetas, Sexa o primeiro en etiquetar este rexistro!
|
MARC
| LEADER | 00000 a a2200000 04500 | ||
|---|---|---|---|
| 001 | 736 | ||
| 003 | |||
| 040 | |||
| 100 | |a Quijano Obregón, Aníbal | ||
| 245 | |a El Nuevo imaginario anticapitalista / |c Aníbal Quijano Obregón | ||
| 650 | |a CAPITALISMO | ||
| 650 | |a MOVIMIENTOS SOCIALES | ||
| 650 | |a GLOBALIZACION | ||
| 650 | |a IMPERIALISMO | ||
| 650 | |a DEMOCRACIA | ||
| 773 | |g volumen 26, número 351; páginas 14-21 | ||
| 999 | |c 21530 |d 21530 | ||
